000
00277nam a22001337a 4500
020
_a
978-93-85916-12-0
082
_a
894.812.3
_b
SPA/H
100
_a
SPAIRY,JOHANNA
245
_a
HAIDY
260
_a
THRISSUR
_b
H&C BOOKS
300
_a
48
650
_a
STORY
_z
KERALA
942
_c
BK
999
_c
7013
_d
7013